Central Library OPAC University of Rajshahi

The works of William Shakespeare / (Record no. 77473)

MARC details
000 -LEADER
fixed length control field 00793nam a22002417a 4500
001 - CONTROL NUMBER
control field 77473
003 - CONTROL NUMBER IDENTIFIER
rucl marc code BD-RjUL
005 - DATE AND TIME OF LATEST TRANSACTION
control field 20211209082956.0
008 - FIXED-LENGTH DATA ELEMENTS--GENERAL INFORMATION
fixed length control field 200924r19611911 ||||| |||| 00| 0 eng d
035 ## - SYSTEM CONTROL NUMBER
System control number (BD-RjUL)77698
040 ## - CATALOGING SOURCE
Original cataloging agency BD-RjUL
Language of cataloging eng
Transcribing agency BD-RjUL
041 ## - LANGUAGE CODE
Language code of text/sound track or separate title eng
082 ## - DEWEY DECIMAL CLASSIFICATION NUMBER
Classification number 822.33
Author mark and year SHW 1961
100 ## - MAIN ENTRY--PERSONAL NAME
Personal name Shakespeare, William
9 (RLIN) 241566
245 14 - TITLE STATEMENT
Title The works of William Shakespeare /
Statement of responsibility, etc. William Shakespeare; edited by William George Clark and William Aldis Wright.
250 ## - EDITION STATEMENT
Edition statement new ed.
260 ## - PUBLICATION, DISTRIBUTION, ETC. (IMPRINT)
Place of publication, distribution, etc. London ;
-- New York :
Name of publisher, distributor, etc. Macmillan ;
-- St. Martin's Press,
Date of publication, distribution, etc. 1961
300 ## - PHYSICAL DESCRIPTION
Pagination 1211 pages ;
Size 19 cm.
600 ## - SUBJECT ADDED ENTRY--PERSONAL NAME
Personal name Shakespeare, William,
Dates associated with a name 1564-1616
700 ## - ADDED ENTRY--PERSONAL NAME
Personal name Clark , William George.
Personal name Wright, William Aldis
942 ## - ADDED ENTRY ELEMENTS (KOHA)
Source of classification or shelving scheme Dewey Decimal Classification
Koha item type Books
Holdings
Lost status Source of classification or shelving scheme Damaged status Not for loan Collection code Permanent Location Current Location Shelving location Date acquired Source of acquisition Cost, normal purchase price Total Checkouts Full call number Date last seen Copy number Koha item type
  Dewey Decimal Classification   Not For Loan Non-fiction Central Library, University of Rajshahi Central Library, University of Rajshahi Reading Room 18/10/1965 Blackwell 16.00   822.33 SHW 1961 24/09/2020 C-1 Books